Movies Quiz

Random Movies or Letter Quiz

Eleven Word Hints for Eleven Letter Films Quiz Stats

 Plays Quiz Updated Nov 17, 2019

Score 0/24 Timer 04:00
5 Plays Today
% Correct
Mary Poppins
98.9%
Finding Nemo
95.1%
Pearl Harbor
89.6%
Poltergeist
87.6%
Animal House
84.3%
Billy Elliot
83.5%
Hotel Rwanda
82.7%
War and Peace
82.3%
Citizen Kane
81.5%
Blade Runner
80.5%
Working Girl
80%
Moulin Rouge!
79.8%
% Correct
Forrest Gump
79.2%
Thunderball
76.4%
A Star is Born
75.2%
Modern Times
72.6%
Deliverance
72.2%
Pulp Fiction
71.7%
Out of Africa
71.5%
In Cold Blood
68.4%
All That Jazz
67.5%
Lost Horizon
61.4%
Mystic River
57.4%
Marathon Man
52.5%

You're not logged in!

Compare scores with friends on all Sporcle quizzes.
OR
Log In

Sporcle TV

Today on Sporcle TV


Watch our educational content, quiz creation guides, and fun videos on Sporcle TV.

Show Comments

Extras

Top Quizzes Today


Score Distribution

Your Account Isn't Verified!

In order to create a playlist on Sporcle, you need to verify the email address you used during registration. Go to your Sporcle Settings to finish the process.

Report this User

Report this user for behavior that violates our Community Guidelines.

Details: